| 000 | 00564nam a22001937a 4500 | ||
|---|---|---|---|
| 005 | 20230327051218.0 | ||
| 008 | 230327b |||||||| |||| 00| 0 eng d | ||
| 020 | _a978-1-101-99769-7 | ||
| 082 | _aFic. D131 1984 | ||
| 100 |
_aDahl, Roald _eauthor |
||
| 245 |
_aThe BFG / _cRoald Dahl; illustrated by Quentin Blake |
||
| 260 |
_aNew York: _bPuffin Books, _cc1984 |
||
| 300 |
_a207p.: _bill. |
||
| 541 | _e5539 | ||
| 650 | _aGiants - Juvenile fiction | ||
| 650 | _aHumorous fiction | ||
| 650 | _aOrphans - Juvenile fiction | ||
| 700 |
_aBlake, Quentin _eillustrator |
||
| 999 |
_c1987 _d1987 |
||